00946 2200337 4500001002100000005001500021035002000036007000300056008004100059040001700100100002500117245009400142250001100236300003200247504002400279020002200303041000800325082001000333084001600343090002000359260003600379500002800415600001600443650001000459700002900469850001000498990002500508990002500533990002500558990002500583INLIS00000000000247320260602075135 a0010-0220000324ta260602 0  aSBPUPADbind0 aNurhayati Pujiastuti1 aTutorial Ibadah For Kids Haji dan Umrah /cNurhayati Pujiastuti, Penyunting: Erlina Zachi aCet. 1 a63 hlm. :bilus. ;c23,5 cm aBibliografi, hlm 64 a978-602-317-385-3 aind a297.3 a297.3 NUR t a297.3 NUR t 5-6 aSurakarta :bZiyad Books,c2017 aTentang Penulis, hlm 64 4aAgama Islam 4aAgama aPenyunting: Erlina Zachi aPUPAD a31.573/APBD/DPK/2019 a31.575/APBD/DPK/2019 a31.576/APBD/DPK/2019 a31.574/APBD/DPK/2019